Ti scrivo brevemente per chiederti scusa dei miei silenzi : vita di Gaetano Dimatteo : romanzo /

সংরক্ষণ করুন:
গ্রন্থ-পঞ্জীর বিবরন
প্রধান লেখক: De Fazi, Sandro
অন্যান্য লেখক: Pecora, Elio
বিন্যাস: গ্রন্থ
ভাষা:ইতালিয়
প্রকাশিত: Roma : Libreria Croce, 2009
মালা:Ozio sapiente
ট্যাগগুলো: ট্যাগ যুক্ত করুন
কোনো ট্যাগ নেই, প্রথমজন হিসাবে ট্যাগ করুন!

MARC

LEADER 00000nam a22000007i 4500
001 IT\ICCU\UBO\3834745
003 ItRI
005 20260115232127.0
008 110112s2009 it |||||| ||||| |||||c
020 |a 9788864020600 
040 |b ita  |c importazione bologna sebina 
041 7 |a ita  |2 ISO-639-2 
100 1 |a De Fazi, Sandro  |0 IT\ICCU\UBOV\383930 
245 1 0 |a Ti scrivo brevemente per chiederti scusa dei miei silenzi :  |b vita di Gaetano Dimatteo : romanzo /  |c Sandro De Fazi ; prefazione di Elio Pecora. 
260 |a Roma :  |b Libreria Croce,  |c 2009 
300 |a 174 p. ;  |c 21 cm. 
700 1 |a Pecora, Elio  |0 IT\ICCU\CFIV\037738 
830 0 |a Ozio sapiente  |0 IT\ICCU\CFI\0966229 
942 |2 ddc  |c BK  |n 0 
952 |0 0  |1 0  |4 0  |6 DOC_853_920000000000000_DEF  |7 0  |9 20529  |a BO  |b BO  |d 2026-01-15  |i 14007  |l 0  |o DOC 853.92 DEF  |p BO14007  |r 2026-01-15 23:21:27  |w 2026-01-15  |x [Sebina 5] [1 v.]  |y BK  |z 1 v. 
999 |c 17527  |d 17527